000 01060nam a22003257a 4500
001 BR9510358
003 BR-BrBNA
005 20230928095132.0
007 ta
008 230509b bl.||||| |||| 00| 0 por d
040 _aBR-BrBNA
_bpor
_cBiblioteca Nacional de Agricultura
041 _a(Por)
072 _aQ03
_b0120
090 _ 0120 BR9510358
100 1 _aGloria, E.M. da
110 1 _aEscola Superior de Agricultura Luiz de Queiroz, Piracicaba, SP (Brasil)
_0Tese (Mestre em Ciencias)
245 1 _aOcorrencia de aflatoxinas, zearalenona e ocratoxina A, no milho, a ser utilizado como materia-prima em industria alimenticia do estado de Sao Paulo
260 3 _aPiracicaba, SP (Brasil):
_c1995.
300 _a71 p.
500 _aBibliography p. 59-71; Summaries (Eng, Por); 8 illus.
650 _aMilho
650 _aAflatoxina
650 _aOcratoxina
650 _aContaminacao Fungica
650 _aMateria Prima
650 _aIndustria Alimenticia
650 _aSao Paulo
909 _a202309
_bLucia
_c55
_dLucia Elande
942 _cBK
999 _c54730
_d54730